Knižné domčeky testujú Popradčanov

Bibliographic Details
Other Authors: Rimaj, Števo (Photographer)
Format: Article
Language:Slovak
PhysicalDescription:Fotogr.
ISSN:1335-4050
Subjects:

MARC

LEADER 00000nab a2200000 ar4500
001 vtls011624009
003 SK-MaSNL
005 20260303082718.0
008 170418c20170404xo dr|n|||||||000 b|slo
038 |a PPPK 
040 |a PPPKCL  |b slo  |c PPPKCL  |e AACR2 
041 0 |a slo 
044 |a xo  |c SK 
080 |a 028.1  |x (437.671)  |2 2011 
245 0 0 |a Knižné domčeky testujú Popradčanov  |c [text] ; Foto Pravda: Števo Rimaj 
300 |b Fotogr. 
650 0 7 |a knižné búdky  |2 pppkcl  |9 1088036 
650 0 7 |a podpora čítania  |2 pppkcl  |9 131327 
650 0 7 |a kultúrny život  |2 pppkcl  |9 3182 
651 7 |a Poprad (Slovensko)  |2 pppkcl  |9 20155 
700 1 |a Rimaj, Števo  |4 pht  |9 362744 
773 0 |t Pravda  |g Roč. 27, č. 79 (4.4.2017), s. 10  |x 1335-4050 
852 |a PPPK  |b KIS3GCP 
999 |c 1788913  |d 1790843